[Event "DEM U16 2011"]
[Site "Oberhof GER"]
[Date "2011.06.14"]
[Round "5"]
[White "Miller, Eduard"]
[Black "Hacker, Jonas"]
[Result "1/2-1/2"]
[Termination "normal"]
[Board "8"]
[WhiteElo "2118"]
[BlackElo "1765"]
[PlyCount "179"]
[WhiteFideId "24687022"]
[BlackFideId "1270968"]
[EventCountry "GER"]
[EventRounds "9"]
[EventType "swiss"]
[EventDate "2011.06.11"]

1. e4 c5 2. Nf3 d6 3. d4 cxd4 4. Nxd4 Nf6 5. Nc3 g6 6. Be3 Bg7 7. f3 O-O 8. Qd2
Nc6 9. O-O-O Nxd4 10. Bxd4 Be6 11. Kb1 Qc7 12. h4 Rfc8 13. h5 Qa5 14. hxg6 fxg6
15. a3 Rab8 16. g4 b5 17. g5 Nh5 18. Bxg7 Kxg7 19. Bh3 Bxh3 20. Rxh3 Rc4 21. f4
b4 22. Nd5 Rxe4 23. axb4 Rbxb4 24. Nxb4 Qxb4 25. Qxb4 Rxb4 26. Ra3 Rb7 27. Rd4
Kf7 28. Rda4 a6 29. Rxa6 Ke6 30. R3a4 Ng3 31. c3 Nf5 32. R4a5 Ng7 33. b4 Nh5
34. Re5+ Kd7 35. Re4 Ng3 36. Rc4 Ne2 37. Ra2 d5 38. Rxe2 dxc4 39. Rh2 Ke6 40.
Rxh7 Rd7 41. Rg7 Kf5 42. Rf7+ Ke4 43. Kc2 Ra7 44. Kb2 Rd7 45. Kc2 Ra7 46. b5
Rb7 47. f5 Rxb5 48. fxg6 Rxg5 49. Rxe7+ Kf5 50. g7 Rg2+ 51. Kb1 Kf6 52. Rc7 Ke5
53. Rxc4 Rxg7 54. Kc2 Kd5 55. Kb3 Rh7 56. Rg4 Rh6 57. Rg5+ Kc6 58. Kb4 Kc7 59.
c4 Kc6 60. Ra5 Kc7 61. Kb5 Rh5+ 62. c5 Rh6 63. Ra7+ Kb8 64. Rg7 Kc8 65. Rg8+
Kc7 66. Rg7+ Kc8 67. Rf7 Kb8 68. Rf1 Kc7 69. Rf5 Kb8 70. Rd5 Kb7 71. Rd7+ Kc8
72. Rd2 Kc7 73. Rd1 Kc8 74. Rg1 Kc7 75. Re1 Kc8 76. Re7 Kb8 77. Re8+ Kc7 78.
Rf8 Kb7 79. Rf5 Kc8 80. Rd5 Kc7 81. Rd1 Kc8 82. Rd4 Kc7 83. Rg4 Kb8 84. c6 Rh1
85. Rd4 Kc7 86. Rd7+ Kc8 87. Rd5 Kc7 88. Rd7+ Kc8 89. Rd4 Kc7 90. Rc4 1/2-1/2

[Event "DEM U16 2011"]
[Site "Oberhof GER"]
[Date "2011.06.14"]
[Round "5"]
[White "Stahnecker, Ludwig"]
[Black "Stanau, Guido"]
[Result "1-0"]
[Termination "normal"]
[Board "9"]
[WhiteElo "2087"]
[BlackElo "1994"]
[PlyCount "101"]
[WhiteFideId "24692026"]
[BlackFideId "24692255"]
[EventCountry "GER"]
[EventRounds "9"]
[EventType "swiss"]
[EventDate "2011.06.11"]

1. e4 e6 2. d4 d5 3. Nc3 Nf6 4. Bg5 Bb4 5. e5 h6 6. Bd2 Bxc3 7. bxc3 Ne4 8. Bd3
Nxd2 9. Qxd2 c5 10. Nf3 Qa5 11. O-O Nc6 12. dxc5 Qxc5 13. Rab1 b6 14. Rfe1 Bd7
15. Rb5 Qe7 16. Qf4 Rc8 17. Rbb1 Na5 18. Qb4 Qc5 19. Qg4 O-O 20. Nd4 Kh8 21.
Re3 Nc4 22. Rg3 Rg8 23. Qf4 Qf8 24. Rh3 Rd8 25. Nf3 f6 26. exf6 Qxf6 27. Qxf6
gxf6 28. Rxh6+ Kg7 29. Rh7+ Kf8 30. Bxc4 dxc4 31. Rd1 Rg7 32. Rxg7 Kxg7 33. Kf1
Kf7 34. Ke2 Ke7 35. Ke3 Rg8 36. g3 e5 37. h4 Bf5 38. Rd2 Rg4 39. Nh2 Re4+ 40.
Kf3 Re1 41. Kg2 Ra1 42. g4 Bh7 43. Nf1 Be4+ 44. f3 Bxf3+ 45. Kxf3 Rxf1+ 46. Rf2
Rh1 47. h5 Ke6 48. Kg3 b5 49. Rh2 Rg1+ 50. Kf3 Rf1+ 51. Ke2 1-0

[Event "DEM U16 2011"]
[Site "Oberhof GER"]
[Date "2011.06.14"]
[Round "5"]
[White "Schreiner, Till"]
[Black "Müller, Nick"]
[Result "0-1"]
[Termination "normal"]
[Board "10"]
[WhiteElo "2159"]
[BlackElo "1958"]
[PlyCount "66"]
[WhiteFideId "24675555"]
[BlackFideId "24692093"]
[EventCountry "GER"]
[EventRounds "9"]
[EventType "swiss"]
[EventDate "2011.06.11"]

1. d4 Nf6 2. c4 e6 3. Nc3 Bb4 4. e3 O-O 5. Bd3 d5 6. Nf3 c5 7. O-O Nc6 8. a3
Bxc3 9. bxc3 dxc4 10. Bxc4 Qc7 11. Bb2 Rd8 12. Qc2 b6 13. Bd3 Na5 14. c4 cxd4
15. exd4 Bb7 16. Ne5 Nc6 17. Nxc6 Qxc6 18. f4 Rac8 19. Rac1 h6 20. Qe2 Rc7 21.
f5 Re8 22. Qd2 exf5 23. Rxf5 Ne4 24. Qc2 Rce7 25. d5 Qc5+ 26. Kh1 Nd6 27. Qc3
Nxf5 28. Bxf5 f6 29. Be6+ Rxe6 30. dxe6 Rxe6 31. Rc2 Qe7 32. Kg1 Rd6 33. Kf2
Qe4 0-1

[Event "DEM U16 2011"]
[Site "Oberhof GER"]
[Date "2011.06.14"]
[Round "5"]
[White "Moritz, Aron"]
[Black "Powierski, Emil"]
[Result "1-0"]
[Termination "normal"]
[Board "11"]
[WhiteElo "2094"]
[BlackElo "2000"]
[PlyCount "103"]
[WhiteFideId "24672319"]
[BlackFideId "4656199"]
[EventCountry "GER"]
[EventRounds "9"]
[EventType "swiss"]
[EventDate "2011.06.11"]

1. e4 c5 2. Nf3 d6 3. d4 cxd4 4. Nxd4 Nf6 5. Nc3 a6 6. Be3 e5 7. Nb3 Be6 8. Qd2
Nbd7 9. O-O-O b5 10. f3 Be7 11. Nd5 Bxd5 12. exd5 Nb6 13. Bxb6 Qxb6 14. Kb1 O-O
15. g4 a5 16. h4 b4 17. h5 a4 18. Nc1 Nd7 19. g5 f5 20. gxf6 Bxf6 21. Bh3 Nc5
22. Nd3 b3 23. cxb3 axb3 24. a3 e4 25. fxe4 Nxe4 26. Qc1 Rxa3 27. bxa3 Nc3+ 28.
Qxc3 Bxc3 29. Be6+ Kh8 30. Rdf1 Bf6 31. Nf4 Qe3 32. Ng6+ hxg6 33. hxg6+ Qh6 34.
a4 Be7 35. Rxh6+ gxh6 36. Rxf8+ Bxf8 37. Kb2 Bg7+ 38. Kxb3 Bd4 39. Kc4 Bc5 40.
Kb5 Kg7 41. a5 Kxg6 42. Kc6 Kf6 43. Bh3 Ke5 44. Bg2 h5 45. a6 h4 46. Kb7 h3 47.
Bh1 Kf4 48. a7 Bxa7 49. Kxa7 Kg3 50. Kb6 Kf2 51. Kc6 Kg1 52. Be4 1-0

[Event "DEM U16 2011"]
[Site "Oberhof GER"]
[Date "2011.06.14"]
[Round "5"]
[White "Hocke, Sebastian"]
[Black "Kügel, Tobias"]
[Result "0-1"]
[Termination "normal"]
[Board "13"]
[WhiteElo "1684"]
[BlackElo "2024"]
[PlyCount "112"]
[WhiteFideId "24678724"]
[BlackFideId "4636295"]
[EventCountry "GER"]
[EventRounds "9"]
[EventType "swiss"]
[EventDate "2011.06.11"]

1. e4 Nf6 2. e5 Nd5 3. c4 Nb6 4. d4 d6 5. exd6 exd6 6. Nc3 Be7 7. Nf3 Bg4 8.
Be2 Nc6 9. b3 Bf6 10. Be3 O-O 11. O-O Re8 12. Qd2 Bf5 13. Rac1 Bg6 14. Rfd1 Ne7
15. Bg5 Bxg5 16. Qxg5 c6 17. Nh4 Nd7 18. Nxg6 Nxg6 19. Qxd8 Raxd8 20. Bf3 Nf6
21. g3 Ne7 22. d5 c5 23. Re1 Nf5 24. Kf1 Nd4 25. Bg2 Ng4 26. Kg1 a6 27. h3 Ne5
28. Re3 b5 29. cxb5 axb5 30. Kf1 Kf8 31. Ne2 Nd3 32. Rd1 Rxe3 33. fxe3 Nxe2 34.
Kxe2 Ne5 35. Be4 Ra8 36. Rd2 g6 37. g4 Ke7 38. Bd3 Ra5 39. Rc2 Kf6 40. Kd2 Kg5
41. Bf1 Kh4 42. Kc3 Kg3 43. Kb2 Kf3 44. Re2 b4 45. Kb1 f5 46. gxf5 gxf5 47. Rg2
Ra7 48. Rg5 Rf7 49. h4 Kxe3 50. Bh3 f4 51. h5 f3 52. h6 f2 53. Bf1 Kd2 54. Rg7
Ke1 55. Bh3 f1=Q 56. Bxf1 Kxf1 0-1

[Event "DEM U16 2011"]
[Site "Oberhof GER"]
[Date "2011.06.14"]
[Round "5"]
[White "Stövesand, Eric"]
[Black "Klarner, Alexander"]
[Result "1-0"]
[Termination "normal"]
[Board "14"]
[WhiteElo "1864"]
[BlackElo "1889"]
[PlyCount "71"]
[WhiteFideId "24651117"]
[BlackFideId "1271721"]
[EventCountry "GER"]
[EventRounds "9"]
[EventType "swiss"]
[EventDate "2011.06.11"]

1. e4 c5 2. Nf3 Nc6 3. d4 cxd4 4. Nxd4 g6 5. Nc3 Bg7 6. Be3 Nf6 7. Bc4 d6 8.
Bb3 Ng4 9. Nxc6 bxc6 10. Qd2 Nxe3 11. Qxe3 O-O 12. O-O-O a5 13. h4 Bd7 14. h5
gxh5 15. Qg5 Be6 16. Rxh5 Bxb3 17. axb3 f6 18. Qf5 h6 19. Qg6 Qe8 20. Rxh6 Qxg6
21. Rxg6 Kf7 22. Rg3 Rh8 23. Kd2 Rag8 24. Ke2 Bh6 25. Kf3 Rxg3+ 26. Kxg3 Rg8+
27. Kf3 Ke6 28. Ne2 c5 29. Ng3 Rd8 30. Nf5 Bf8 31. Ne3 Bg7 32. Ra1 Ra8 33. g4
Bh6 34. Nc4 d5 35. exd5+ Kxd5 36. Nb6+ 1-0

[Event "DEM U16 2011"]
[Site "Oberhof GER"]
[Date "2011.06.14"]
[Round "5"]
[White "Perestjuk, Marko"]
[Black "Muth, Matthias"]
[Result "1-0"]
[Termination "normal"]
[Board "15"]
[WhiteElo "1957"]
[BlackElo "1908"]
[PlyCount "115"]
[WhiteFideId "1270254"]
[BlackFideId "1271747"]
[EventCountry "GER"]
[EventRounds "9"]
[EventType "swiss"]
[EventDate "2011.06.11"]

1. e4 c5 2. Nf3 Nc6 3. d4 cxd4 4. Nxd4 Nf6 5. Nc3 e5 6. Ndb5 d6 7. Bg5 a6 8.
Na3 b5 9. Nd5 Be7 10. Bxf6 Bxf6 11. c3 Bg5 12. Nc2 O-O 13. a4 bxa4 14. Rxa4 a5
15. Bc4 Rb8 16. b3 Kh8 17. O-O f5 18. exf5 Bxf5 19. Nce3 Bg6 20. Qg4 e4 21. Qe2
Ne7 22. Nxe7 Qxe7 23. Rxa5 Bf7 24. Bxf7 Bxe3 25. Qxe3 Qxf7 26. c4 Qg6 27. Kh1
h6 28. Rd5 Rb4 29. Rfd1 Qf6 30. R5d2 Rd8 31. h3 Qg6 32. Rd4 Rb7 33. c5 Rbd7 34.
b4 d5 35. b5 Rb7 36. Rb1 Rdb8 37. Rdb4 Kg8 38. c6 Rc7 39. Qc5 Qe6 40. Rd1 e3
41. fxe3 Kf7 42. Qxd5 Qxd5 43. Rxd5 Rxc6 44. bxc6 Rxb4 45. Rc5 Rb8 46. c7 Rc8
47. Kh2 Ke6 48. Kg3 Kd6 49. Rc1 Rxc7 50. Rxc7 Kxc7 51. Kf4 Kd6 52. Kf5 Ke7 53.
Kg6 Kf8 54. e4 Kg8 55. e5 Kf8 56. e6 h5 57. Kxh5 Ke7 58. Kg6 1-0

[Event "DEM U16 2011"]
[Site "Oberhof GER"]
[Date "2011.06.15"]
[Round "6"]
[White "Noe, Christopher"]
[Black "Mons, Leon"]
[Result "1/2-1/2"]
[Termination "normal"]
[Board "1"]
[WhiteElo "1998"]
[BlackElo "2258"]
[PlyCount "49"]
[WhiteFideId "24692018"]
[BlackFideId "4614950"]
[EventCountry "GER"]
[EventRounds "9"]
[EventType "swiss"]
[EventDate "2011.06.11"]

1. Nf3 Nf6 2. g3 d5 3. Bg2 Bg4 4. O-O Nbd7 5. d3 e5 6. Nbd2 c6 7. e4 dxe4 8.
Nxe4 Nxe4 9. dxe4 Bc5 10. c3 O-O 11. Qc2 a5 12. h3 Be6 13. Qe2 b5 14. Rd1 Qe7
15. Be3 f6 16. Bf1 Rfd8 17. Nd2 Bxe3 18. Qxe3 Qc5 19. Qf3 a4 20. b4 axb3 21.
axb3 Rxa1 22. Rxa1 Qd6 23. Qe3 Nc5 24. b4 Na4 25. Nf3 1/2-1/2

[Event "DEM U16 2011"]
[Site "Oberhof GER"]
[Date "2011.06.15"]
[Round "6"]
[White "Wagner, Dennis"]
[Black "Göbel, Constantin"]
[Result "1/2-1/2"]
[Termination "normal"]
[Board "2"]
[WhiteElo "2240"]
[BlackElo "2148"]
[PlyCount "109"]
[WhiteFideId "24650684"]
[BlackFideId "24647071"]
[EventCountry "GER"]
[EventRounds "9"]
[EventType "swiss"]
[EventDate "2011.06.11"]

1. d4 Nf6 2. c4 e6 3. g3 d5 4. Nf3 dxc4 5. Bg2 Nc6 6. Qa4 Nd5 7. Qxc4 Nb6 8.
Qb5 a6 9. Qd3 Nb4 10. Qd1 c5 11. a3 Nc6 12. dxc5 Qxd1+ 13. Kxd1 Bxc5 14. Nc3
Bd7 15. Ne4 Be7 16. Bf4 Nd5 17. Nd6+ Kf8 18. Nc4 Nxf4 19. gxf4 f6 20. e3 Rd8
21. Ke2 Bc5 22. Rhd1 Ke7 23. b4 Ba7 24. Ne1 Be8 25. Bf3 Bg6 26. Rxd8 Rxd8 27.
Rc1 Rc8 28. Kd2 Kd7 29. h4 Nd8 30. Rc3 b5 31. Na5 Bb6 32. Nb3 Rxc3 33. Kxc3 e5
34. fxe5 fxe5 35. Nd3 Bxd3 36. Kxd3 Kd6 37. Be4 g6 38. Ke2 Ne6 39. Bb7 Bd8 40.
Bxa6 Nc7 41. Bb7 Bxh4 42. Nc5 Be7 43. Ne4+ Kd7 44. Nc3 Bf6 45. Be4 Kd6 46. Kf3
Bh4 47. Bd3 Kc6 48. a4 bxa4 49. b5+ Kd7 50. b6 Ne6 51. Nxa4 Bd8 52. Bc4 Ng5+
53. Kg4 Ne4 54. f3 Nf6+ 55. Kg5 1/2-1/2

[Event "DEM U16 2011"]
[Site "Oberhof GER"]
[Date "2011.06.15"]
[Round "6"]
[White "Kaphle, Sebastian"]
[Black "Möhn, Hans"]
[Result "1/2-1/2"]
[Termination "normal"]
[Board "3"]
[WhiteElo "2171"]
[BlackElo "2033"]
[PlyCount "68"]
[WhiteFideId "24626708"]
[BlackFideId "24647837"]
[EventCountry "GER"]
[EventRounds "9"]
[EventType "swiss"]
[EventDate "2011.06.11"]

1. b3 Nf6 2. Bb2 g6 3. Bxf6 exf6 4. c4 Bg7 5. Nc3 f5 6. g3 d6 7. Bg2 c6 8. e3
O-O 9. Nge2 Nd7 10. O-O Qc7 11. d4 Re8 12. Qd3 Nf6 13. b4 h5 14. b5 h4 15. a4
hxg3 16. hxg3 a5 17. Rab1 Ng4 18. Rb3 Bh6 19. Nf4 Bd7 20. Rfb1 g5 21. Nfe2 Qd8
22. bxc6 bxc6 23. Rb7 f4 24. exf4 gxf4 25. Nxf4 Bxf4 26. gxf4 Qh4 27. Qg3 Qxg3
28. fxg3 Bf5 29. Bxc6 Re3 30. Rb8+ Rxb8 31. Rxb8+ Kg7 32. Nb5 Re1+ 33. Kg2 Re2+
34. Kg1 Re1+ 1/2-1/2

[Event "DEM U16 2011"]
[Site "Oberhof GER"]
[Date "2011.06.15"]
[Round "6"]
[White "Müller, Alexander"]
[Black "Carow, Johannes"]
[Result "0-1"]
[Termination "normal"]
[Board "4"]
[WhiteElo "1908"]
[BlackElo "2171"]
[PlyCount "82"]
[WhiteFideId "4624696"]
[BlackFideId "24692050"]
[EventCountry "GER"]
[EventRounds "9"]
[EventType "swiss"]
[EventDate "2011.06.11"]

1. e4 c5 2. Nf3 e6 3. d4 cxd4 4. Nxd4 a6 5. Bd3 Bc5 6. Nb3 Be7 7. O-O Nc6 8.
Qe2 d6 9. Bd2 Nf6 10. Kh1 O-O 11. Nc3 b5 12. a4 b4 13. Na2 Qb6 14. f4 e5 15. f5
a5 16. Be3 Qc7 17. g4 d5 18. g5 Nxe4 19. f6 Bd6 20. fxg7 Kxg7 21. c4 bxc3 22.
Bxe4 cxb2 23. Qxb2 dxe4 24. Nc3 Be6 25. Nb5 Qe7 26. Nxd6 Qxd6 27. Bc5 Qd5 28.
Bxf8+ Kxf8 29. Rac1 Rb8 30. Qc2 e3+ 31. Kg1 Nd4 32. Nxd4 exd4 33. h4 d3 34. Qc3
Kg8 35. Rb1 Rc8 36. Qf6 d2 37. h5 Qd6 38. Qf3 Qd4 39. g6 e2+ 40. Kh2 Qh4+ 41.
Kg2 exf1=Q+ 0-1

[Event "DEM U16 2011"]
[Site "Oberhof GER"]
[Date "2011.06.15"]
[Round "6"]
[White "Friedrich, Wiede"]
[Black "Miller, Eduard"]
[Result "1-0"]
[Termination "normal"]
[Board "5"]
[WhiteElo "2193"]
[BlackElo "2118"]
[PlyCount "43"]
[WhiteFideId "24629537"]
[BlackFideId "24687022"]
[EventCountry "GER"]
[EventRounds "9"]
[EventType "swiss"]
[EventDate "2011.06.11"]

1. e4 e6 2. d4 d5 3. Nc3 Nf6 4. Bg5 Be7 5. e5 Nfd7 6. Bxe7 Qxe7 7. f4 O-O 8.
Nf3 c5 9. Bd3 Nc6 10. Bxh7+ Kxh7 11. Ng5+ Kg6 12. Qd3+ f5 13. g4 Ndxe5 14. dxe5
Nxe5 15. Qe2 Qf6 16. Rg1 Nxg4 17. h3 Qd4 18. Nf3 Qxf4 19. hxg4 Kf6 20. gxf5
Qxf5 21. Nh4 Qh3 22. Qf2+ 1-0

[Event "DEM U16 2011"]
[Site "Oberhof GER"]
[Date "2011.06.15"]
[Round "6"]
[White "Neumair, Jerome"]
[Black "Stahnecker, Ludwig"]
[Result "1/2-1/2"]
[Termination "normal"]
[Board "6"]
[WhiteElo "2115"]
[BlackElo "2087"]
[PlyCount "75"]
[WhiteFideId "24672637"]
[BlackFideId "24692026"]
[EventCountry "GER"]
[EventRounds "9"]
[EventType "swiss"]
[EventDate "2011.06.11"]

1. d4 d5 2. c4 e6 3. Nc3 c6 4. e4 dxe4 5. Nxe4 Bb4+ 6. Bd2 Qxd4 7. Bxb4 Qxe4+
8. Be2 Na6 9. Bd6 Qxg2 10. Qd2 Nf6 11. Bf3 Qg6 12. O-O-O e5 13. Ne2 Qf5 14. Qe3
Be6 15. Rhg1 Nd7 16. Rxg7 O-O-O 17. Be7 Ndc5 18. Rxd8+ Rxd8 19. Bg4 Nd3+ 20.
Kd2 Nxf2+ 21. Bxd8 Nxg4 22. Qa3 Nf6 23. Bxf6 Qxf6 24. Qf8+ Kc7 25. Rg8 Bxc4 26.
Qc8+ Kb6 27. Qd8+ Qxd8+ 28. Rxd8 Bxa2 29. Rh8 Bb1 30. Re8 Nc7 31. Rxe5 Nd5 32.
Nc3 Nxc3 33. Kxc3 a5 34. h4 c5 35. h5 Kc6 36. Rg5 Kd6 37. Kc4 Kc6 38. Rxc5+
1/2-1/2

[Event "DEM U16 2011"]
[Site "Oberhof GER"]
[Date "2011.06.15"]
[Round "6"]
[White "Kügel, Tobias"]
[Black "Moritz, Aron"]
[Result "0-1"]
[Termination "normal"]
[Board "7"]
[WhiteElo "2024"]
[BlackElo "2094"]
[PlyCount "60"]
[WhiteFideId "4636295"]
[BlackFideId "24672319"]
[EventCountry "GER"]
[EventRounds "9"]
[EventType "swiss"]
[EventDate "2011.06.11"]

1. e4 g6 2. Nf3 Bg7 3. d4 d6 4. c4 Bg4 5. Be2 Nc6 6. Be3 e5 7. dxe5 Bxf3 8.
Bxf3 Nxe5 9. Be2 Ne7 10. Nc3 O-O 11. O-O f5 12. f3 f4 13. Bf2 c5 14. Bh4 h6 15.
Bxe7 Qxe7 16. Nd5 Qd7 17. Qd2 g5 18. b4 Nc6 19. b5 Nd4 20. Bd3 Be5 21. Rae1 Qg7
22. Be2 Kh8 23. h3 Rf7 24. Qa5 h5 25. Bd1 Qh6 26. Nb6 Rg8 27. Nd5 g4 28. hxg4
hxg4 29. fxg4 f3 30. Bxf3 Qh2+ 0-1

[Event "DEM U16 2011"]
[Site "Oberhof GER"]
[Date "2011.06.15"]
[Round "6"]
[White "Hacker, Jonas"]
[Black "Kaulich, Philipp Theodor"]
[Result "1/2-1/2"]
[Termination "normal"]
[Board "8"]
[WhiteElo "1765"]
[BlackElo "1999"]
[PlyCount "108"]
[WhiteFideId "1270968"]
[BlackFideId "4641582"]
[EventCountry "GER"]
[EventRounds "9"]
[EventType "swiss"]
[EventDate "2011.06.11"]

1. e4 g6 2. Nf3 Bg7 3. d4 d6 4. Nc3 a6 5. a4 b6 6. Bc4 e6 7. Bg5 Ne7 8. Qd2 h6
9. Be3 Nd7 10. O-O Bb7 11. d5 e5 12. g4 g5 13. h3 Ng6 14. Ne2 Nf4 15. Bxf4 exf4
16. Ned4 Ne5 17. Nxe5 Bxe5 18. c3 Qf6 19. f3 h5 20. Kg2 Rh7 21. Rh1 Bc8 22. Qd3
Kf8 23. Nc6 Kg7 24. Nb4 a5 25. Nc2 Bd7 26. Bb5 Bxb5 27. Qxb5 Rah8 28. Rag1 Qh6
29. gxh5 Qxh5 30. Kf2 Qg6 31. Qd7 Rh4 32. Na3 Bf6 33. Nb5 Bd8 34. Nd4 Kh7 35.
Ne6 Qf6 36. Nxd8 Rxd8 37. Qxc7 Rh8 38. Qxb6 Kg6 39. Qxa5 Rxh3 40. Rxh3 Rxh3 41.
Rg2 Qh8 42. Qb6 Qh5 43. Rg4 Rh2+ 44. Ke1 Rc2 45. Kd1 Qh2 46. Rxg5+ Kxg5 47.
Qd8+ Kg6 48. Qg8+ Kf6 49. Qd8+ Kg7 50. Qg5+ Kh7 51. Qf5+ Kg7 52. Qg5+ Kh7 53.
Qf5+ Kg7 54. Qg5+ Kh7 1/2-1/2

[Event "DEM U16 2011"]
[Site "Oberhof GER"]
[Date "2011.06.15"]
[Round "6"]
[White "Müller, Nick"]
[Black "Tran, Duc Cuong"]
[Result "1-0"]
[Termination "normal"]
[Board "9"]
[WhiteElo "1958"]
[BlackElo "1986"]
[PlyCount "61"]
[WhiteFideId "24692093"]
[BlackFideId "24689718"]
[EventCountry "GER"]
[EventRounds "9"]
[EventType "swiss"]
[EventDate "2011.06.11"]

1. c4 e5 2. g3 Nc6 3. Bg2 f5 4. Nc3 Nf6 5. e3 g6 6. Nge2 Bg7 7. O-O O-O 8. d3
d6 9. Rb1 a5 10. a3 Be6 11. b4 axb4 12. axb4 Qd7 13. Nd5 Bf7 14. Nec3 Rab8 15.
Qa4 Kh8 16. Nxf6 Bxf6 17. Nd5 Bg7 18. Bd2 Qd8 19. b5 Ne7 20. Rfc1 g5 21. Qa5
Nxd5 22. cxd5 c5 23. dxc6 b6 24. Qa7 Ra8 25. Qb7 Qf6 26. c7 Be6 27. Qxa8 Rxa8
28. Bxa8 Bc8 29. Bd5 f4 30. Ra1 e4 31. Ra8 1-0

[Event "DEM U16 2011"]
[Site "Oberhof GER"]
[Date "2011.06.15"]
[Round "6"]
[White "Stövesand, Eric"]
[Black "Gibicar, Danijel"]
[Result "1/2-1/2"]
[Termination "normal"]
[Board "10"]
[WhiteElo "1864"]
[BlackElo "2037"]
[PlyCount "67"]
[WhiteFideId "24651117"]
[BlackFideId "24660256"]
[EventCountry "GER"]
[EventRounds "9"]
[EventType "swiss"]
[EventDate "2011.06.11"]

1. e4 e6 2. d4 d5 3. Nc3 Nc6 4. e5 Nge7 5. Nf3 b6 6. Bb5 Bb7 7. Ne2 Qd7 8. c3
h6 9. Bd2 g6 10. h4 Bg7 11. Nh2 a6 12. Ba4 Nc8 13. Ng3 h5 14. Bg5 b5 15. Bc2
Nb6 16. O-O Ne7 17. Nf3 Rc8 18. b4 Nc4 19. a4 Nb2 20. Qc1 Nxa4 21. Bxa4 bxa4
22. Ne1 Bc6 23. Nd3 Bb5 24. Nc5 Qc6 25. Re1 Ra8 26. Qa3 Nc8 27. Nxa4 O-O 28.
Nc5 Nb6 29. Qc1 Kh7 30. Bf6 Bh6 31. Bg5 Bg7 32. Bf6 Bh6 33. Bg5 Bg7 34. Bf6
1/2-1/2

[Event "DEM U16 2011"]
[Site "Oberhof GER"]
[Date "2011.06.15"]
[Round "6"]
[White "Holle, Cedric"]
[Black "Neef, Maximilian"]
[Result "0-1"]
[Termination "normal"]
[Board "11"]
[WhiteElo "1832"]
[BlackElo "1999"]
[PlyCount "66"]
[WhiteFideId "24692158"]
[BlackFideId "24692085"]
[EventCountry "GER"]
[EventRounds "9"]
[EventType "swiss"]
[EventDate "2011.06.11"]

1. e4 e6 2. d4 d5 3. Nc3 Nf6 4. e5 Nfd7 5. f4 c5 6. Nf3 Nc6 7. Be3 Be7 8. Qd2
a6 9. dxc5 Nxc5 10. O-O-O b5 11. f5 b4 12. Ne2 Ne4 13. Qe1 Qa5 14. Kb1 exf5 15.
Ned4 Nxd4 16. Nxd4 Qc7 17. Bd3 O-O 18. Bxe4 fxe4 19. Qg3 Kh8 20. Rhf1 Be6 21.
Rf2 Rac8 22. Ka1 Bc5 23. Qg5 Qd7 24. g4 Be7 25. Qf4 f6 26. Rdf1 Bg8 27. Nf5
fxe5 28. Qxe5 Bf6 29. Qg3 d4 30. g5 Qe6 31. c4 Be5 32. Bxd4 Rxf5 33. Bxe5 Rxe5
0-1

[Event "DEM U16 2011"]
[Site "Oberhof GER"]
[Date "2011.06.15"]
[Round "6"]
[White "Powierski, Emil"]
[Black "Titgemeyer, Sven"]
[Result "1-0"]
[Termination "normal"]
[Board "12"]
[WhiteElo "2000"]
[BlackElo "2028"]
[PlyCount "123"]
[WhiteFideId "4656199"]
[BlackFideId "24676934"]
[EventCountry "GER"]
[EventRounds "9"]
[EventType "swiss"]
[EventDate "2011.06.11"]

1. e4 e5 2. Nf3 Nc6 3. Bb5 a6 4. Ba4 Nf6 5. O-O Be7 6. Re1 b5 7. Bb3 O-O 8. h3
d6 9. c3 Na5 10. Bc2 c5 11. d4 Qc7 12. Nbd2 Ne8 13. Nf1 Nc6 14. Ne3 g6 15. Nd5
Qb7 16. a4 Rb8 17. Be3 cxd4 18. cxd4 b4 19. Rc1 exd4 20. Nxd4 Nxd4 21. Bxd4 Be6
22. Bb3 Bxd5 23. Bxd5 Qd7 24. Qd3 Bf6 25. Bxf6 Nxf6 26. Qxa6 Nxd5 27. exd5 Ra8
28. Qc6 Qxc6 29. Rxc6 Rxa4 30. Rxd6 Ra2 31. Re2 Ra1+ 32. Kh2 Rd1 33. Rb6 Rd8
34. Rxb4 R8xd5 35. Rb7 Rf5 36. g3 Kg7 37. Kg2 Rd6 38. Rb4 Rdf6 39. b3 g5 40.
Rb2 h5 41. Rb8 h4 42. b4 hxg3 43. Kxg3 Rf3+ 44. Kg2 Rc3 45. b5 Rff3 46. Re8
Rxh3 47. b6 Rb3 48. Ree2 Rxb2 49. Rxb2 Rh8 50. b7 Rb8 51. Kf3 Kg6 52. Ke4 f5+
53. Ke5 f4 54. Ke4 Kh5 55. Kf3 Kh4 56. Rb1 g4+ 57. Kxf4 Rf8+ 58. Ke3 Rb8 59.
Ke2 Kh3 60. Kf1 g3 61. Rb3 Kh2 62. fxg3 1-0

[Event "DEM U16 2011"]
[Site "Oberhof GER"]
[Date "2011.06.15"]
[Round "6"]
[White "Stanau, Guido"]
[Black "Hocke, Sebastian"]
[Result "1-0"]
[Termination "normal"]
[Board "13"]
[WhiteElo "1994"]
[BlackElo "1684"]
[PlyCount "43"]
[WhiteFideId "24692255"]
[BlackFideId "24678724"]
[EventCountry "GER"]
[EventRounds "9"]
[EventType "swiss"]
[EventDate "2011.06.11"]

1. e4 c5 2. Nf3 d6 3. d4 cxd4 4. Nxd4 Nf6 5. Nc3 a6 6. Bg5 Nbd7 7. Bc4 Qc7 8.
Bb3 h6 9. Bh4 b5 10. O-O Bb7 11. Nd5 Nxd5 12. exd5 Nc5 13. Re1 Nxb3 14. axb3 g5
15. Bg3 h5 16. h3 Qd7 17. c4 b4 18. Ra4 a5 19. Nb5 O-O-O 20. Qd4 Rh7 21. Qb6
Kb8 22. Rxa5 1-0

[Event "DEM U16 2011"]
[Site "Oberhof GER"]
[Date "2011.06.15"]
[Round "6"]
[White "Muth, Matthias"]
[Black "Schreiner, Till"]
[Result "1/2-1/2"]
[Termination "normal"]
[Board "14"]
[WhiteElo "1908"]
[BlackElo "2159"]
[PlyCount "90"]
[WhiteFideId "1271747"]
[BlackFideId "24675555"]
[EventCountry "GER"]
[EventRounds "9"]
[EventType "swiss"]
[EventDate "2011.06.11"]

1. c4 e5 2. g3 c5 3. Bg2 Nc6 4. Nc3 g6 5. d3 d6 6. Nf3 Bg7 7. O-O Nge7 8. Rb1
O-O 9. a3 a5 10. e3 h6 11. Ne1 Be6 12. Nc2 d5 13. cxd5 Nxd5 14. Nxd5 Bxd5 15.
Bxd5 Qxd5 16. e4 Qe6 17. Ne3 Rad8 18. Nd5 Ne7 19. Nxe7+ Qxe7 20. Qc2 Rc8 21.
Bd2 b6 22. Rfc1 Qd7 23. Qb3 Qd6 24. Qb5 Rfd8 25. Be3 Bf8 26. Rd1 Be7 27. Rbc1
Bg5 28. Bxg5 hxg5 29. Rc3 g4 30. Rdc1 Kg7 31. b4 Rh8 32. bxc5 Qf6 33. Qxb6 Qf3
34. d4 Qxe4 35. Re3 Qxd4 36. Qb7 Qd2 37. Rec3 Rxh2 38. R3c2 Qh6 39. Qd5 Qh5 40.
f4 Rxc2 41. Rxc2 Qf5 42. Qxe5+ Qxe5 43. fxe5 f6 44. exf6+ Kxf6 45. Kf2 Rc6
1/2-1/2

[Event "DEM U16 2011"]
[Site "Oberhof GER"]
[Date "2011.06.15"]
[Round "6"]
[White "Klarner, Alexander"]
[Black "Perestjuk, Marko"]
[Result "0-1"]
[Termination "normal"]
[Board "15"]
[WhiteElo "1889"]
[BlackElo "1957"]
[PlyCount "78"]
[WhiteFideId "1271721"]
[BlackFideId "1270254"]
[EventCountry "GER"]
[EventRounds "9"]
[EventType "swiss"]
[EventDate "2011.06.11"]

1. e4 c5 2. d4 cxd4 3. c3 dxc3 4. Nxc3 Nc6 5. Nf3 d6 6. Bc4 e6 7. O-O a6 8. Qe2
Nf6 9. Rd1 Qc7 10. Bf4 Be7 11. Rac1 O-O 12. e5 dxe5 13. Nxe5 Bd6 14. Rxd6 Qxd6
15. Ng6 e5 16. Rd1 Qc7 17. Bxe5 Nxe5 18. Qxe5 Qxe5 19. Nxe5 Bf5 20. Nd5 Nxd5
21. Bxd5 Be6 22. Bxb7 Ra7 23. Bf3 f6 24. Nc6 Rd7 25. Rxd7 Bxd7 26. h3 Bxc6 27.
Bxc6 Rc8 28. Bb7 Rc1+ 29. Kh2 a5 30. Kg3 Rc2 31. a4 Rxb2 32. Bc6 Kf7 33. Kf3
Ke6 34. Ke3 Kd6 35. Be8 Kc5 36. g3 Rb8 37. Bh5 Rb3+ 38. Kd2 Kb4 39. Be8 Ra3 0-1